LEADER 01187nam0-2200373---450- 001 990009622220403321 005 20121004151717.0 010 $a978-88-548-1394-6 035 $a000962222 035 $aFED01000962222 035 $a(Aleph)000962222FED01 035 $a000962222 100 $a20120920d2008----km-y0itay50------ba 101 0 $aita 102 $aIT 105 $ay-------001yc 200 1 $a<>confronto$evite parallele di due grandi: Karol Wojtyla e Alcide De Gasperi$fAdolfo Sassi$gpresentazione Jose Saraiva Martins$gprefazione Gino Capozzi 210 $aRoma$cAracne$d2008 215 $a335 p.$d22 cm 225 1 $aSaggistica Aracne$v84 300 $aIn appendice: Una valigia piena di libri / Di Gennaro Oliviero 610 0 $aGiovanni Paolo II 610 0 $aDe Gasperi, Alcide 676 $a322.10945$v22$zita 700 1$aSassi,$bAdolfo$0294745 702 1$aSaraiva Martins,$bJosè$f< Cardinale > 702 1$aCapozzi,$bGino$f<1928- > 801 0$aIT$bUNINA$gREICAT$2UNIMARC 901 $aBK 912 $a990009622220403321 952 $aCollez. 2191 (84)$b49334$fFSPBC 959 $aFSPBC 996 $aConfronto$9848580 997 $aUNINA LEADER 00786nam0-22002891i-450- 001 990001005650403321 035 $a000100565 035 $aFED01000100565 035 $a(Aleph)000100565FED01 035 $a000100565 100 $a20000920d1957----km-y0itay50------ba 101 0 $aeng 200 1 $aSet Theory$fby Felix Hausdorff$gtranslated from the German by John R. Aumann ... [et al.] 210 $aNew York$cChelsea$d1957 215 $a352 p.$d24 cm 610 0 $aTeoria degli insiemi 676 $a160 700 1$aHausdorff,$bFelix$019751 702 1$aAumann,$bJohn R. 801 0$aIT$bUNINA$gRICA$2UNIMARC 901 $aBK 912 $a990001005650403321 952 $a7A-010$b1103$fFI1 959 $aFI1 996 $aSet Theory$9354643 997 $aUNINA DB $aING01